000 02825cgm a2200601Ia 4500
003 data
005 20260322212003.0
007 data
008 data
020 _a0792152921
020 _a9780792152927
028 4 2 _a016927
_bParamount
040 _aMDK
_cMDK
_dBGU
_dTMI
_dIUL
_dOCLCQ
_dBTCTA
_dOCLCQ
_dOCLCG
_dOCLCQ
_dKF5
_dOCLCA
_dWAU
_dOCLCA
_dZGV
_dOCLCA
_dBGU
041 1 _afre
_afre
_jspa
_jspa
050 4 _aPN1997
_b.T67 1998
082 0 4 _a791.4372
090 _aDVD 626
130 0 _aTop Gun (Motion picture)
245 1 0 _aTop gun
_h[videorecording] /
_cJim Cash ... [et al.].
260 _aHollywood, Calif. :
_bParamount,
_cc1998.
300 _a1 videodisc (109 min.) :
_bsd., col. ;
_c4 3/4 in.
500 _aDVD release of the 1986 motion picture.
500 _aSpecial features: video options (widescreen or standard); interactive menus; scene selection.
505 0 _aSpecial features: video options (widescreen or standard); interactive menus; scene selection. For special features see interactive menu or DVD case. Maverick Mitchell is a daring young flyer in the U.S. Navy who is out to become the best of the best at the Navy's prestigious fighter weapons school.
508 _aDirector of photography, Jeffrey Kimball ; editors, Billy Weber, Chris Lebenzon ; music score, Harold Faltermeyer.
511 1 _aTom Cruise, Kelly McGillis, Val Kilmer, Anthony Edwards, Tom Skerritt, Meg Ryan.
520 _aMaverick Mitchell is a daring young flyer in the U.S. Navy who is out to become the best of the best at the Navy's prestigious fighter weapons school.
521 8 _aRated PG.
538 _aDVD; English (Dolby digital 5.1), English and French (Dolby digital 2.0 surround); widescreen letterboxed 2.35:1 aspect ratio; full screen (standard) 1.33:1 aspect ratio.
546 _aEnglish or French with optional English captions and subtitles for the hearing impaired; optional Spanish subtitles.
546 _aClosed-captioned.
600 1 0 _aNavy Fighter Weapons School (U.S.)
_vDrama.
650 0 _aFeature films.
650 0 _aFighter plane combat
_zUnited States
_vDrama.
650 0 _aFilms for the hearing impaired.
655 7 _aFeature films.
_2lcgft.
655 7 _aFeature films
_zUnited States.
_2local.
655 7 _aAction and adventure films.
_2lcgft.
655 7 _aMilitary films.
_2lcgft.
655 7 _aSubculture films.
_2lcgft.
655 7 _aVideo recordings for the hearing impaired.
_2lcgft.
700 1 _aCash, Jim.
700 1 _aEpps, Jack.
700 1 _aSimpson, Don,
_d1945-1996.
700 1 _aBruckheimer, Jerry.
700 1 _aScott, Tony,
_d1944-2012.
700 1 _aCruise, Tom,
_d1962-
700 1 _aMcGillis, Kelly,
_d1957-
700 1 _aKilmer, Val,
_d1959-
700 1 _aEdwards, Anthony,
_d1962-
710 2 _aParamount Pictures Corporation.
001 data
999 _c28
_d28